Restrictive business practices relating to patents and licences

Wedi'i Gadw mewn:
Manylion Llyfryddiaeth
Fformat: Llyfr
Iaith:Undetermined
Cyhoeddwyd: Paris OECD 1972
Pynciau:
Tagiau: Ychwanegu Tag
Dim Tagiau, Byddwch y cyntaf i dagio'r cofnod hwn!
Thư viện lưu trữ: Trung tâm Học liệu Trường Đại học Cần Thơ
LEADER 00433nam a2200157Ia 4500
001 CTU_86961
008 210402s9999 xx 000 0 und d
082 |a 338.82 
082 |b R438 
245 0 |a Restrictive business practices relating to patents and licences 
260 |a Paris 
260 |b OECD 
260 |c 1972 
650 |a Restraint of trade 
904 |i Tuyến 
980 |a Trung tâm Học liệu Trường Đại học Cần Thơ